Selling the game short: an examination of the role of antiracism in british football /
Spremljeno u:
| Glavni autor: | |
|---|---|
| Autor kompanije: | |
| Daljnji autori: | |
| Format: | Tekst |
| Izdano: |
s.l:
Human Kinetics Publishers
|
| Teme: | |
| Oznake: |
Dodaj oznaku
Bez oznaka, Budi prvi tko označuje ovaj zapis!
|
MARC
| LEADER | 00000 a a2200000 04500 | ||
|---|---|---|---|
| 001 | 32827 | ||
| 003 | |||
| 040 | |||
| 090 | |a 204600 | ||
| 100 | |a Garland, Jon | ||
| 110 | |a University of Leicester | ||
| 245 | |a Selling the game short: an examination of the role of antiracism in british football / |c Jon Garland | ||
| 260 | |a s.l: |b Human Kinetics Publishers | ||
| 300 | |a pp. 35-53 | ||
| 500 | |a Publicado en: Sociology of Sport Journal, n° 16 1999 | ||
| 650 | |a FUTBOL | ||
| 650 | |a DISCRIMINACION RACIAL | ||
| 650 | |a CAMPAÑAS DE INFORMACION | ||
| 650 | |a REINO UNIDO | ||
| 700 | |a Rowe, Michael | ||
| 999 | |c 16771 |d 16771 | ||
